[Event "ESP-chT CECLUB Div1"]
[Site "Sanxenxo"]
[Date "2022.09.20"]
[Round "4.2"]
[White "Rodriguez Ferreiros, Andres"]
[Black "Vega Gutierrez, Sabrina Neide"]
[Result "0-1"]
[WhiteElo "2110"]
[BlackElo "2395"]
[PlyCount "86"]
[EventDate "2022.09.17"]
[EventType "team-tourn"]
[EventRounds "7"]
[EventCountry "ESP"]
[SourceTitle "CBM 210 Extra"]
[Source "ChessBase"]
[SourceDate "2022.11.30"]
[SourceVersion "1"]
[SourceVersionDate "2022.11.30"]
[SourceQuality "1"]
[WhiteTeam "Sanxenxo Fontecarmoa"]
[BlackTeam "Myinvestor Casablanca"]
[WhiteTeamCountry "ESP"]
[BlackTeamCountry "ESP"]

1. e4 c5 2. Nf3 e6 3. c3 d5 4. exd5 Qxd5 5. d4 Nf6 6. Be2 cxd4 7. cxd4 Nc6 8. Nc3 Qd6 9. 0-0 Be7 10. Bg5 0-0 11. Qd2 Rd8 12. Rfd1 Nd5 13. Rac1 h6 14. Bxe7 Qxe7 15. Ne5 Nxc3 16. Qxc3 Bd7 17. d5 exd5 18. Rxd5 Be8 19. Rcd1 Rxd5 20. Rxd5 Nb4 21. Rc5 Nxa2 22. Qc4 b6 23. Rd5 Nb4 24. Ng6 Qf6 25. Qxb4 Qxg6 26. Bd3 Qc6 27. Qd2 Rc8 28. h3 Qc1+ 29. Qxc1 Rxc1+ 30. Kh2 Kf8 31. Kg3 Rd1 32. Be4 Rxd5 33. Bxd5 Ke7 34. Kf4 Kd6 35. Ba2 a5 36. g4 a4 37. Ke4 Kc5 38. f4 b5 39. h4 Bd7 40. f5 f6 41. Kf4 Kd4 42. Be6 Be8 43. g5 b4 0-1

[Event "ESP-ch U18"]
[Site "Salobrena"]
[Date "2022.08.03"]
[Round "4"]
[White "Cesar Maestre, Bernardo"]
[Black "Rodriguez Ferreiros, Andres"]
[Result "1-0"]
[WhiteElo "2343"]
[BlackElo "2114"]
[PlyCount "87"]
[EventDate "2022.08.01"]
[EventType "swiss"]
[EventRounds "9"]
[EventCountry "ESP"]
[SourceTitle "EXT 2023"]
[Source "ChessBase"]
[SourceDate "2022.10.05"]
[SourceVersion "1"]
[SourceVersionDate "2022.10.05"]
[SourceQuality "1"]

1. e4 c5 2. Nf3 Nc6 3. d4 cxd4 4. Nxd4 e5 5. Nb5 d6 6. c4 g6 7. Bd3 a6 8. N5c3 Bg7 9. Nd5 Be6 10. Nbc3 Nge7 11. 0-0 0-0 12. Be3 Nd4 13. Qd2 Rc8 14. Kh1 b5 15. Nxe7+ Qxe7 16. cxb5 axb5 17. Nxb5 d5 18. Nxd4 exd4 19. Bg5 f6 20. exd5 Bxd5 21. Bf4 Qb7 22. f3 Rfe8 23. a4 g5 24. Bg3 Re3 25. Bf5 Rc4 26. Bf2 Re5 27. Bd3 Qb4 28. Rfd1 Qxd2 29. Rxd2 Rb4 30. Bb5 g4 31. Bxd4 Bh6 32. Bxe5 Bxd2 33. Rd1 fxe5 34. Rxd2 Bb3 35. fxg4 Bxa4 36. Bxa4 Rxa4 37. h3 Kf7 38. Kg1 Ke6 39. Kf2 Rb4 40. Ke3 Rb3+ 41. Ke4 Rb4+ 42. Kd3 Kd5 43. Kc3+ Kc5 44. Rd7 1-0

[Event "ESP-chT CECLUB Div1"]
[Site "Linares"]
[Date "2021.09.12"]
[Round "5.2"]
[White "Hernando Rodrigo, Jose Maria"]
[Black "Rodriguez Ferreiros, Andres"]
[Result "1-0"]
[WhiteElo "2291"]
[BlackElo "2211"]
[PlyCount "81"]
[EventDate "2021.09.08"]
[EventType "team-tourn"]
[EventRounds "7"]
[EventCountry "ESP"]
[SourceTitle "CBM 204 Extra"]
[Source "ChessBase"]
[SourceDate "2021.11.30"]
[SourceVersion "1"]
[SourceVersionDate "2021.11.30"]
[SourceQuality "1"]
[WhiteTeam "Santa Lucia Grandama"]
[BlackTeam "Sanxenxo Fontecarmoa"]
[WhiteTeamCountry "ESP"]
[BlackTeamCountry "ESP"]

1. d4 e6 2. Nf3 Nf6 3. e3 d5 4. Bd3 Nbd7 5. b3 c5 6. Bb2 Qc7 7. 0-0 c4 8. bxc4 dxc4 9. Be2 b5 10. a3 b4 11. c3 a5 12. Nbd2 Ba6 13. Qc1 Nd5 14. Qc2 Be7 15. Rfc1 b3 16. Qd1 0-0 17. Qf1 N5b6 18. Nxb3 cxb3 19. Bxa6 Rxa6 20. Qxa6 Nc4 21. Rab1 Rb8 22. Rd1 Bxa3 23. Bxa3 Nxa3 24. c4 Nxb1 25. Rxb1 b2 26. c5 Nxc5 27. dxc5 Qxc5 28. Nd4 e5 29. Qc6 Qf8 30. Ne2 Qa3 31. Qc7 Re8 32. Qc3 Qa4 33. Qxb2 Rd8 34. h3 h6 35. Kh2 Qd7 36. Qxe5 a4 37. Qa5 Qd3 38. Ra1 Rc8 39. Nf4 Qd6 40. g3 Rc2 41. Qa8+ 1-0

[Event "ESP-ch U18"]
[Site "Salobrena"]
[Date "2021.07.30"]
[Round "7"]
[White "Rodriguez Ferreiros, Andres"]
[Black "Gines Esteo, Pedro Antonio"]
[Result "1-0"]
[WhiteElo "2137"]
[BlackElo "2470"]
[PlyCount "61"]
[EventDate "2021.07.26"]
[EventType "swiss"]
[EventRounds "9"]
[EventCountry "ESP"]
[SourceTitle "CBM 203 Extra"]
[Source "ChessBase"]
[SourceDate "2021.09.30"]
[SourceVersion "1"]
[SourceVersionDate "2021.09.30"]
[SourceQuality "1"]

1. e4 c6 2. Nc3 d5 3. Nf3 Bg4 4. h3 Bxf3 5. Qxf3 e6 6. d4 Nf6 7. Bd3 Bb4 8. e5 Nfd7 9. Qg3 g6 10. Bd2 c5 11. a3 Bxc3 12. bxc3 Nc6 13. h4 cxd4 14. cxd4 Nxd4 15. h5 Qc7 16. hxg6 Qxe5+ 17. Qxe5 Nxe5 18. Bc3 Ndc6 19. Bb5 f6 20. gxh7 Kf7 21. Rb1 Ne7 22. Bxe5 fxe5 23. Bd7 b6 24. Rb3 Nf5 25. Rc3 Raf8 26. Rc7 Kf6 27. g4 Nd4 28. c3 Nb3 29. Bxe6 Nc5 30. Bxd5 Kg5 31. Rg7+ 1-0

[Event "ESP-ch U18"]
[Site "Salobrena"]
[Date "2021.07.28"]
[Round "4"]
[White "Aledo Yanguas, David"]
[Black "Rodriguez Ferreiros, Andres"]
[Result "0-1"]
[WhiteElo "1927"]
[BlackElo "2137"]
[PlyCount "54"]
[EventDate "2021.07.26"]
[EventType "swiss"]
[EventRounds "9"]
[EventCountry "ESP"]
[SourceTitle "CBM 203 Extra"]
[Source "ChessBase"]
[SourceDate "2021.09.30"]
[SourceVersion "1"]
[SourceVersionDate "2021.09.30"]
[SourceQuality "1"]

1. e4 d6 2. d4 Nf6 3. Nc3 Nbd7 4. f4 e5 5. fxe5 dxe5 6. Nf3 exd4 7. Nxd4 Bb4 8. Nf5 0-0 9. Bd3 Nc5 10. Qf3 Nfxe4 11. 0-0 Bxf5 12. Qxf5 g6 13. Qf3 Nxc3 14. bxc3 Bxc3 15. Rb1 Nxd3 16. cxd3 b6 17. Kh1 c5 18. Bh6 Bg7 19. Bxg7 Kxg7 20. Rbe1 Qd6 21. h4 h5 22. Re4 Rad8 23. Rf4 f5 24. Ra4 Rf7 25. Ra3 Qd4 26. Qg3 Re8 27. Rd1 f4 0-1

[Event "Sanxenxo Carlos op 12th"]
[Site "Sanxenxo"]
[Date "2021.07.04"]
[Round "9"]
[White "Alonso Garcia, Aaron"]
[Black "Rodriguez Ferreiros, Andres"]
[Result "1/2-1/2"]
[WhiteElo "2363"]
[BlackElo "2137"]
[PlyCount "124"]
[EventDate "2021.06.26"]
[EventType "swiss"]
[EventRounds "9"]
[EventCountry "ESP"]
[SourceTitle "CBM 203 Extra"]
[Source "ChessBase"]
[SourceDate "2021.09.30"]
[SourceVersion "1"]
[SourceVersionDate "2021.09.30"]
[SourceQuality "1"]

1. e4 e6 2. d4 d5 3. Nc3 Bb4 4. e5 c5 5. a3 Bxc3+ 6. bxc3 Qc7 7. Qg4 Ne7 8. Qxg7 Rg8 9. Qxh7 cxd4 10. Ne2 Nbc6 11. f4 dxc3 12. Qd3 Bd7 13. Qxc3 0-0-0 14. Rb1 Nf5 15. Rg1 d4 16. Qd3 f6 17. g4 Nh4 18. exf6 e5 19. f7 Rxg4 20. Rxg4 Bxg4 21. Bh3 Qd7 22. Bxg4 Qxg4 23. Qg3 Qh5 24. Qh3+ Kc7 25. Rb3 e4 26. f5 e3 27. Qg3+ Kc8 28. Nf4 Qxf5 29. Qxh4 Qxc2 30. Ne2 Qxb3 31. Qxd8+ Nxd8 32. f8Q Qd5 33. Ng3 Qg2 34. Qf5+ Kc7 35. Qe5+ Kc8 36. Qf5+ Kc7 37. Qf4+ Kc8 38. Qg4+ Kc7 39. Qe2 Qg1+ 40. Nf1 Ne6 41. Qf3 Kd6 42. a4 Ke5 43. Bb2 Nc5 44. Kd1 Ne4 45. Kc2 Kd5 46. Qf5+ Kc4 47. Qe6+ Kb4 48. Ba3+ Kxa4 49. Qc4+ Ka5 50. Qb4+ Ka6 51. Qa4+ Kb6 52. Qxd4+ Ka6 53. Qxe4 Qf2+ 54. Kb3 Qf7+ 55. Kc3 Qf6+ 56. Kb4 Qf8+ 57. Kb3 Qf7+ 58. Kc3 Qf6+ 59. Kd3 Qxf1+ 60. Kxe3 Qh3+ 61. Qf3 Qxh2 62. Qf1+ Ka5 1/2-1/2

[Event "Sanxenxo Carlos op 12th"]
[Site "Sanxenxo"]
[Date "2021.07.01"]
[Round "6"]
[White "Rodriguez Ferreiros, Andres"]
[Black "Tabuenca Mendataurigoitia, Daniel"]
[Result "1-0"]
[WhiteElo "2137"]
[BlackElo "1858"]
[PlyCount "122"]
[EventDate "2021.06.26"]
[EventType "swiss"]
[EventRounds "9"]
[EventCountry "ESP"]
[SourceTitle "CBM 203 Extra"]
[Source "ChessBase"]
[SourceDate "2021.09.30"]
[SourceVersion "1"]
[SourceVersionDate "2021.09.30"]
[SourceQuality "1"]

1. e4 e6 2. d4 d5 3. Nd2 c5 4. Ngf3 cxd4 5. exd5 Qxd5 6. Bc4 Qd7 7. 0-0 Nc6 8. Nb3 Nf6 9. Nbxd4 Nxd4 10. Nxd4 a6 11. a4 b6 12. Re1 Qc7 13. Qe2 Bd6 14. h3 0-0 15. Bg5 Nd5 16. Bxd5 exd5 17. Be7 Bxe7 18. Qxe7 Bd7 19. Qg5 Rae8 20. Qxd5 Bxa4 21. c3 a5 22. Nf5 Bc2 23. Qd6 Qd8 24. Qxd8 Rxd8 25. Nd4 Bg6 26. f4 Rd5 27. Re7 Bd3 28. Rb7 Rd6 29. Re1 g6 30. Ree7 a4 31. Kf2 h5 32. g4 hxg4 33. hxg4 Bc4 34. f5 gxf5 35. gxf5 Rh6 36. Ke3 Ra8 37. Kf4 a3 38. bxa3 Rxa3 39. Kg5 Rh1 40. Rb8+ Kg7 41. f6+ Kh7 42. Nf3 Ra5+ 43. Kf4 Rf1 44. Kg4 Kg6 45. Rxb6 Be6+ 46. Rbxe6 fxe6 47. Rxe6 Ra4+ 48. Kg3 Rc1 49. Rc6 Re4 50. f7+ Kg7 51. Rc8 Kxf7 52. Ng5+ Kf6 53. Nxe4+ Ke5 54. Kf3 Rf1+ 55. Nf2 Kd5 56. Ke3 Rg1 57. c4+ Kd6 58. Ne4+ Kd7 59. Rh8 Re1+ 60. Kd4 Rd1+ 61. Kc5 Rf1 1-0

[Event "ESP-ch U18"]
[Site "Salobrena"]
[Date "2020.08.22"]
[Round "9"]
[White "Rodriguez Ferreiros, Andres"]
[Black "Perez Perez, Gabriel"]
[Result "0-1"]
[WhiteElo "2053"]
[BlackElo "2185"]
[PlyCount "72"]
[EventDate "2020.08.17"]
[EventType "swiss"]
[EventRounds "9"]
[EventCountry "ESP"]
[SourceTitle "CBM 197 Extra"]
[Source "ChessBase"]
[SourceDate "2020.09.30"]
[SourceVersion "1"]
[SourceVersionDate "2020.09.30"]
[SourceQuality "1"]

1. e4 d6 2. d4 Nf6 3. Nc3 Nbd7 4. Nge2 e5 5. h3 g6 6. g4 Bg7 7. Bg2 c6 8. 0-0 h5 9. g5 Nh7 10. h4 f6 11. f4 fxg5 12. dxe5 gxf4 13. Qxd6 Nxe5 14. Qxd8+ Kxd8 15. Bxf4 Bg4 16. Bg3 Nf8 17. Nf4 Nfd7 18. Bh3 Ke7 19. Rf2 Raf8 20. Kg2 Rf7 21. Raf1 Rhf8 22. a4 Bh6 23. Nd3 Bf3+ 24. Rxf3 Rxf3 25. Bxd7 Rxg3+ 26. Kxg3 Rxf1 27. Nxe5 Bg7 28. Nxg6+ Kxd7 29. Kg2 Rc1 30. Nf4 Rxc2+ 31. Kf3 Bxc3 32. bxc3 Rxc3+ 33. Kf2 Rc5 34. Ke3 b5 35. axb5 cxb5 36. Kd4 Kd6 0-1

[Event "ESP-ch U18"]
[Site "Salobrena"]
[Date "2020.08.21"]
[Round "7"]
[White "Rodriguez Ferreiros, Andres"]
[Black "Fernandez Garcia, Gumersindo"]
[Result "1-0"]
[WhiteElo "2053"]
[BlackElo "2126"]
[PlyCount "97"]
[EventDate "2020.08.17"]
[EventType "swiss"]
[EventRounds "9"]
[EventCountry "ESP"]
[SourceTitle "CBM 197 Extra"]
[Source "ChessBase"]
[SourceDate "2020.09.30"]
[SourceVersion "1"]
[SourceVersionDate "2020.09.30"]
[SourceQuality "1"]

1. e4 Nf6 2. e5 Nd5 3. d4 d6 4. c4 Nb6 5. exd6 cxd6 6. Nc3 g6 7. Be3 Bg7 8. Rc1 0-0 9. b3 Bf5 10. g4 Bd7 11. Bg2 Nc6 12. d5 Nb4 13. Bd4 Bh6 14. a3 Nd3+ 15. Qxd3 Bxc1 16. h4 f6 17. h5 Kg7 18. Nge2 Bxa3 19. Be4 Bc5 20. Bxg6 Bxd4 21. Nxd4 Kh8 22. Bxh7 Rf7 23. Bg6 Rg7 24. Nce2 Bxg4 25. Nf4 Nd7 26. Qd2 Ne5 27. Kf1 a5 28. Nfe6 Qg8 29. f4 Nf7 30. f5 Rh7 31. Qf4 Ne5 32. Rg1 a4 33. Rxg4 Nxg4 34. Qxg4 axb3 35. Nxb3 Ra2 36. Nbd4 Rb2 37. Ne2 b5 38. cxb5 Rxb5 39. Qc4 Rb1+ 40. Kf2 Qb8 41. Bxh7 Kxh7 42. Qg4 Qg8 43. Qg6+ Qxg6 44. fxg6+ Kh6 45. g7 Kh7 46. N2f4 Rb8 47. Ng6 Rb2+ 48. Ke3 Rg2 49. Nxe7 1-0

[Event "ESP-ch U16"]
[Site "Salobrena"]
[Date "2020.08.14"]
[Round "8"]
[White "Vergara Anton, Diego"]
[Black "Rodriguez Ferreiros, Andres"]
[Result "1/2-1/2"]
[WhiteElo "2195"]
[BlackElo "2053"]
[PlyCount "115"]
[EventDate "2020.08.10"]
[EventType "swiss"]
[EventRounds "9"]
[EventCountry "ESP"]
[SourceTitle "EXT 2021"]
[Source "ChessBase"]
[SourceDate "2020.10.23"]
[SourceVersion "1"]
[SourceVersionDate "2020.10.23"]
[SourceQuality "1"]

1. d4 d5 2. Nf3 Nf6 3. g3 c5 4. Bg2 cxd4 5. 0-0 h6 6. b3 e6 7. Bb2 Bc5 8. Bxd4 Bxd4 9. Qxd4 Nc6 10. Qb2 0-0 11. Nbd2 Qc7 12. c4 dxc4 13. Nxc4 b5 14. Nce5 Bb7 15. Rac1 Qb6 16. Nd3 Rac8 17. Nc5 Ba8 18. b4 a5 19. Nd3 Nxb4 20. Nxb4 axb4 21. Qxb4 Nd5 22. Qb2 b4 23. Ne5 Qa5 24. Nd3 Nc3 25. Nxb4 Nxe2+ 26. Qxe2 Bxg2 27. Kxg2 Qxb4 28. Rfd1 Qa3 29. Rxc8 Rxc8 30. Rd2 Ra8 31. Rd3 Qa4 32. a3 g6 33. Qf3 Kg7 34. Rd7 Qxd7 35. Qxa8 e5 36. a4 Qf5 37. h4 e4 38. Qa7 g5 39. Qd4+ Kg6 40. hxg5 hxg5 41. Qd2 Qf3+ 42. Kh2 f5 43. Qe3 Qd1 44. a5 Qf1 45. g4 fxg4 46. Qxe4+ Kf6 47. Qd4+ Kf5 48. Qc5+ Kf4 49. Qb6 Ke5 50. Qe3+ Kf5 51. Qc5+ Ke4 52. Qe7+ Kf4 53. Qf6+ Ke4 54. Qe6+ Kf4 55. Qb6 Ke4 56. Qe3+ Kf5 57. Qd2 Ke4 58. Qe3+ 1/2-1/2

[Event "ESP-ch U16"]
[Site "Salobrena"]
[Date "2020.08.13"]
[Round "6"]
[White "Yingrui, Lin"]
[Black "Rodriguez Ferreiros, Andres"]
[Result "1-0"]
[WhiteElo "2116"]
[BlackElo "2053"]
[PlyCount "47"]
[EventDate "2020.08.10"]
[EventType "swiss"]
[EventRounds "9"]
[EventCountry "ESP"]
[SourceTitle "EXT 2021"]
[Source "ChessBase"]
[SourceDate "2020.10.23"]
[SourceVersion "1"]
[SourceVersionDate "2020.10.23"]
[SourceQuality "1"]

1. d4 d5 2. Nf3 Nf6 3. Bf4 e6 4. e3 Be7 5. Nbd2 Nh5 6. Bg3 Nd7 7. Bd3 c5 8. c3 f5 9. Be5 Nxe5 10. Nxe5 Nf6 11. g4 fxg4 12. Bb5+ Kf8 13. h3 Qb6 14. Bd3 g3 15. fxg3 c4 16. 0-0 Ke8 17. Bc2 Qxb2 18. Ba4+ Bd7 19. Rb1 Qxa2 20. Nxd7 Nxd7 21. Rxb7 Rd8 22. Rxa7 Qb2 23. Bxd7+ Rxd7 24. Qa4 1-0

[Event "ESP-ch U16"]
[Site "Salobrena"]
[Date "2020.08.11"]
[Round "3"]
[White "Gines Esteo, Pedro Antonio"]
[Black "Rodriguez Ferreiros, Andres"]
[Result "1-0"]
[WhiteElo "2454"]
[BlackElo "2053"]
[PlyCount "105"]
[EventDate "2020.08.10"]
[EventType "swiss"]
[EventRounds "9"]
[EventCountry "ESP"]
[SourceTitle "EXT 2021"]
[Source "ChessBase"]
[SourceDate "2020.10.23"]
[SourceVersion "1"]
[SourceVersionDate "2020.10.23"]
[SourceQuality "1"]

1. Nf3 d5 2. g3 Nf6 3. Bg2 e6 4. b3 Be7 5. Bb2 0-0 6. c4 c5 7. cxd5 Nxd5 8. 0-0 b6 9. d4 Bb7 10. dxc5 Bxc5 11. a3 a5 12. Nbd2 Nd7 13. Nd4 N7f6 14. Nc4 Qb8 15. e4 Nc7 16. Qe2 b5 17. Ne5 Qa7 18. Rfd1 Qb6 19. Rd2 Rad8 20. Rad1 Nfe8 21. Nc2 Rxd2 22. Rxd2 Nf6 23. b4 axb4 24. axb4 Be7 25. Nd7 Nxd7 26. Rxd7 Re8 27. Qe3 Qc6 28. Qc3 Qxc3 29. Bxc3 Bd8 30. Be5 Bc8 31. Rxc7 Bxc7 32. Bxc7 Bd7 33. Bd6 Ra8 34. e5 Ra2 35. Be4 f5 36. Bd3 Bc6 37. Kf1 Bd5 38. Ke2 Bc4 39. Kd2 Bxd3 40. Kxd3 Kf7 41. Kc3 g5 42. Kb3 Ra7 43. Nd4 Rb7 44. Kc3 Rb6 45. Kd3 h6 46. Ke3 h5 47. h4 f4+ 48. gxf4 gxh4 49. f5 exf5 50. e6+ Kf6 51. e7 Kf7 52. Nxf5 h3 53. Ng7 1-0

[Event "Pontevedra op 7th"]
[Site "Pontevedra"]
[Date "2019.08.11"]
[Round "5"]
[White "Rodriguez Ferreiros, Andres"]
[Black "Bobadilla Viera, Jorge Samuel"]
[Result "0-1"]
[WhiteElo "2111"]
[BlackElo "2307"]
[PlyCount "60"]
[EventDate "2019.08.08"]
[EventType "swiss"]
[EventRounds "9"]
[EventCountry "ESP"]
[SourceTitle "EXT 2020"]
[Source "ChessBase"]
[SourceDate "2019.10.17"]
[SourceVersion "1"]
[SourceVersionDate "2019.10.17"]
[SourceQuality "1"]

1. e4 c5 2. c3 Nf6 3. e5 Nd5 4. d4 cxd4 5. Nf3 Nc6 6. cxd4 d6 7. exd6 Qxd6 8. Nc3 g6 9. Bc4 Nxc3 10. bxc3 Bg7 11. 0-0 0-0 12. a4 Qc7 13. Ba2 Na5 14. Bg5 h6 15. Bh4 e6 16. c4 Bd7 17. Ne5 Nc6 18. f4 Be8 19. Rc1 Qd6 20. Nxc6 Bxc6 21. d5 exd5 22. cxd5 Bd7 23. Bb1 Rac8 24. Rxc8 Rxc8 25. f5 Qb4 26. f6 Bxa4 27. Qf3 Bb5 28. Qh3 Rc3 29. Be1 Qc5+ 30. Bf2 Qc4 0-1